| 000 | 00704nam a2200217Ii 4500 | ||
|---|---|---|---|
| 003 | JO-AjNU | ||
| 008 | 230605s9999||||xx |||||||||||||| ||und|| | ||
| 017 | _a1976/3753 | ||
| 020 | _a977-7075-25-1 | ||
| 040 |
_aJO-AjNU _bara _erda _cJO-AjNU |
||
| 041 | _aara | ||
| 050 | 1 | 4 | _aHX 550 .M6.N55 |
| 100 | 3 |
_aالنمر، عبد المنعم, _eauthor _920227 |
|
| 245 | 0 | 0 | _aاسلام لا شيوعية |
| 264 | 3 | 1 | _aالقاهرة: مكتبة غريب،1976 |
| 300 |
_a351ص _bيحتوي على ببلوغرافية من 347-351ص |
||
| 336 |
_atext _btxt _2rdacontent |
||
| 337 |
_aunmediated _bn _2rdamedia |
||
| 338 |
_avolume _bnc _2rdacarrier |
||
| 650 | 4 |
_aالاسلام والشيوعية _920228 |
|
| 999 |
_aA6818 _c10386 _d10386 |
||